000 01234nam0a2200313 i 4500
001 RU\NLR\BIBL_A\011308211
005 20260406083035.0
010 _a9785993021669
_915000
021 _aRU
_b2016-100182
_96668
035 _a(NLR Aleph) 011308211
090 _a11007850
_c11007850
100 _a20170113d2016 u y0rusy50 ca
101 0 _arus
102 _aRU
105 _aa|||z|||000ay
200 1 _aЯ расту, а ты?
_e[(для чтения взрослыми детям)]
_fЕ. Михайленко
_g[худож.: Е. Смирнова]
210 _aМосква
_cАлтей и К°
_cАлтей-Бук
_d2016
215 _a[10] с.
_cцв. ил.
_d23
225 1 _aХорошие книжки для малыша и малышки
225 1 _aСерия "Стихи для малышей"
333 _a0+
686 0 _aШ9(2)60=Р7-5
700 1 _aМихайленко
_bЕ. П.
_gЕлена Петровна
702 1 _4040
_8rus
_7ca
_aСмирнова
_bЕ. Р.
_cхудожник, литератор, педагог
_gЕлена Ростиславовна
_3RU\NLR\AUTH\7749018
_931953
942 _cBOOK
980 _aNBR